[Event "3. ODEM U25 2006"]
[Site "Willingen GER"]
[Date "2006.06.05"]
[Round "3"]
[White "Stratonowitsch, Andre"]
[Black "Nuber, Korbinian"]
[Result "1/2-1/2"]
[Termination "normal"]
[Board "2"]
[WhiteElo "1990"]
[BlackElo "2121"]
[PlyCount "65"]
[WhiteFideId "24613959"]
[BlackFideId "24607231"]
[EventCountry "GER"]
[EventRounds "9"]
[EventType "swiss"]
[EventDate "2006.06.03"]

1. e4 Nf6 2. e5 Nd5 3. d4 d6 4. Nf3 Nc6 5. Bc4 dxe5 6. Nxe5 Nxe5 7. dxe5 e6 8.
O-O Be7 9. Qg4 g6 10. Rd1 c6 11. Bb3 Qc7 12. c4 Nb6 13. Qe2 Bd7 14. Nc3 O-O-O
15. a4 Kb8 16. a5 Nc8 17. Bd2 a6 18. Ne4 c5 19. Bc3 Bc6 20. Nd6 Rhf8 21. Ne4 h5
22. Qe3 Bxe4 23. Qxe4 Na7 24. Ba4 Nc6 25. Bxc6 Qxc6 26. Qxc6 bxc6 27. Kf1 Rxd1+
28. Rxd1 Rd8 29. Rxd8+ Bxd8 30. Ke2 Kc7 31. Ke3 Kd7 32. Ke4 Be7 33. g3 1/2-1/2

[Event "3. ODEM U25 2006"]
[Site "Willingen GER"]
[Date "2006.06.05"]
[Round "3"]
[White "Albers, Damian"]
[Black "Coenen, Michael"]
[Result "1-0"]
[Termination "normal"]
[Board "3"]
[WhiteElo "1978"]
[BlackElo "2109"]
[PlyCount "139"]
[WhiteFideId "4695186"]
[BlackFideId "4697367"]
[EventCountry "GER"]
[EventRounds "9"]
[EventType "swiss"]
[EventDate "2006.06.03"]

1. e4 c6 2. Nf3 d5 3. exd5 cxd5 4. Ne5 Nf6 5. d4 a6 6. Bd3 Nc6 7. c3 e6 8. f4
Bd6 9. O-O O-O 10. Nd2 Qe8 11. Qc2 h6 12. Ndf3 Nd7 13. Bh7+ Kh8 14. g4 Ne7 15.
Bd3 f5 16. g5 h5 17. a4 g6 18. b3 Nxe5 19. fxe5 Bc7 20. Ba3 Bd7 21. Nh4 Kg7 22.
Ng2 Rc8 23. Nf4 Rh8 24. h4 Ba5 25. Ne2 Nc6 26. Qb2 Na7 27. Bc5 Nc6 28. Rfc1 Bd8
29. Bd6 Bb6 30. Kg2 Nd8 31. Ba3 Nf7 32. Kf3 Bd8 33. Rg1 b5 34. axb5 Bxb5 35.
Nf4 Bxd3 36. Nxd3 Qc6 37. Bc5 Qb5 38. Nf4 Re8 39. Rge1 Bc7 40. b4 Rb8 41. Qe2
a5 42. Qxb5 Rxb5 43. bxa5 Nxe5+ 44. Kg2 Kf7 45. a6 Rb2+ 46. Kh1 Nf3 47. Re2
Rbb8 48. Ng2 Ra8 49. a7 Red8 50. Ra6 e5 51. Rb2 Rd7 52. Rb7 exd4 53. cxd4 Ke8
54. Rxg6 Kf7 55. Rc6 f4 56. Rbxc7 Ke8 57. Rxd7 Kxd7 58. Rd6+ Kc7 59. Rxd5 Nd2
60. Nxf4 Ne4 61. Re5 Nf2+ 62. Kg2 Ng4 63. Re6 Kd7 64. Rd6+ Kc7 65. Nd5+ Kb7 66.
Rd7+ Kc6 67. Nb6 Re8 68. Rd6+ Kb7 69. a8=Q+ Rxa8 70. Nxa8 1-0

[Event "3. ODEM U25 2006"]
[Site "Willingen GER"]
[Date "2006.06.05"]
[Round "3"]
[White "Billing, Christian"]
[Black "Rath, Oliver"]
[Result "1-0"]
[Termination "normal"]
[Board "4"]
[WhiteElo "2080"]
[BlackElo "1887"]
[PlyCount "65"]
[WhiteFideId "4697294"]
[BlackFideId "24610380"]
[EventCountry "GER"]
[EventRounds "9"]
[EventType "swiss"]
[EventDate "2006.06.03"]

1. e4 c5 2. Nf3 Nc6 3. d3 d6 4. g3 g6 5. Bg2 Bg7 6. Nc3 e5 7. Be3 Nge7 8. Qd2
Nd4 9. O-O O-O 10. Ne1 f5 11. f4 Rb8 12. fxe5 dxe5 13. Nd1 fxe4 14. Rxf8+ Qxf8
15. dxe4 Bg4 16. Nf2 Bc8 17. c3 Ne6 18. Bh3 Nc6 19. Qd5 Qf7 20. Rd1 Bf8 21.
Ned3 Bg7 22. Nxc5 Nxc5 23. Bxc5 Bxh3 24. Nxh3 h6 25. Rf1 Qxd5 26. exd5 Nd8 27.
Bxa7 Rc8 28. Nf2 Nf7 29. Ne4 Rd8 30. c4 b5 31. cxb5 Rxd5 32. b6 Rb5 33. Rxf7
1-0

[Event "3. ODEM U25 2006"]
[Site "Willingen GER"]
[Date "2006.06.05"]
[Round "3"]
[White "Reck, Moritz"]
[Black "Rittemann, Steffen"]
[Result "0-1"]
[Termination "normal"]
[Board "5"]
[WhiteElo "1904"]
[BlackElo "2060"]
[PlyCount "78"]
[WhiteFideId "24647748"]
[BlackFideId "24620009"]
[EventCountry "GER"]
[EventRounds "9"]
[EventType "swiss"]
[EventDate "2006.06.03"]

1. e4 c5 2. Nf3 d6 3. d4 cxd4 4. Nxd4 Nf6 5. Nc3 a6 6. f3 e5 7. Nb3 Be6 8. Bg5
Nbd7 9. Qd2 Be7 10. Bd3 Rc8 11. O-O O-O 12. Be3 Qc7 13. g4 Nb6 14. Bxb6 Qxb6+
15. Qf2 Qxf2+ 16. Rxf2 Rfd8 17. Kg2 d5 18. exd5 Nxd5 19. Nxd5 Bxd5 20. Re1 Bh4
21. Rxe5 Bxf2 22. Kxf2 f6 23. Re3 Bxb3 24. axb3 Re8 25. Be4 a5 26. c3 b6 27. h4
Rcd8 28. Kg3 g6 29. Bd5+ Kf8 30. Rxe8+ Kxe8 31. c4 h6 32. Kf4 Ke7 33. h5 gxh5
34. gxh5 Kf8 35. Kf5 Kg7 36. Ke6 Re8+ 37. Kd6 Re2 38. c5 bxc5 39. Bc6 Rxb2 0-1

[Event "3. ODEM U25 2006"]
[Site "Willingen GER"]
[Date "2006.06.05"]
[Round "3"]
[White "Dorn, Matthias"]
[Black "Bissbort, Julian"]
[Result "0-1"]
[Termination "normal"]
[Board "6"]
[WhiteElo "1893"]
[BlackElo "2042"]
[PlyCount "50"]
[WhiteFideId "24600695"]
[BlackFideId "24618144"]
[EventCountry "GER"]
[EventRounds "9"]
[EventType "swiss"]
[EventDate "2006.06.03"]

1. d4 Nf6 2. Nf3 g6 3. c4 Bg7 4. Nc3 d5 5. e3 O-O 6. Bd3 Nc6 7. O-O dxc4 8.
Bxc4 b6 9. h3 Bb7 10. b3 Na5 11. Be2 c5 12. Bb2 cxd4 13. Nxd4 e5 14. Ndb5 Ne4
15. b4 Nxc3 16. Bxc3 Qg5 17. g3 Rad8 18. Qc2 Nc6 19. Rfd1 Ne7 20. Nxa7 Nf5 21.
Kh2 h5 22. Nb5 h4 23. g4 Nxe3 24. fxe3 Qxe3 25. Be1 Bh6 0-1

[Event "3. ODEM U25 2006"]
[Site "Willingen GER"]
[Date "2006.06.05"]
[Round "3"]
[White "Patzer, Stefan"]
[Black "Willems, Sebastian"]
[Result "0-1"]
[Termination "normal"]
[Board "7"]
[WhiteElo "2033"]
[BlackElo "1886"]
[PlyCount "90"]
[WhiteFideId "24601209"]
[EventCountry "GER"]
[EventRounds "9"]
[EventType "swiss"]
[EventDate "2006.06.03"]

1. e4 d5 2. exd5 Nf6 3. d4 Bg4 4. f3 Bf5 5. c4 e6 6. dxe6 Nc6 7. d5 Nb4 8. Na3
Qe7 9. g4 Nxg4 10. fxg4 Qh4+ 11. Kd2 Qg5+ 12. Ke1 Qh4+ 13. Kd2 Qg5+ 14. Kc3
Qf6+ 15. Qd4 Nxa2+ 16. Rxa2 Bb4+ 17. Kxb4 Qxd4 18. Nb5 Qe4 19. Nxc7+ Ke7 20.
gxf5 Rac8 21. Bg5+ f6 22. Nb5 fxg5 23. Rxa7 Rb8 24. Ne2 Qxh1 25. Ng3 Qxh2 26.
d6+ Kf6 27. Ra3 Qxb2+ 28. Rb3 Qd2+ 29. Nc3 Qxd6+ 30. c5 Qd4+ 31. Bc4 b5 32.
Nd5+ Ke5 33. Re3+ Qxe3 34. Nxe3 bxc4+ 35. Kxc4 Kf4 36. Nef1 h5 37. Kd5 h4 38.
Ne2+ Kxf5 39. Ne3+ Kf6 40. Ng4+ Ke7 41. Ke5 Rb5 42. Nc3 Rxc5+ 43. Nd5+ Rxd5+
44. Kxd5 h3 45. Nh6 Rxh6 0-1

[Event "3. ODEM U25 2006"]
[Site "Willingen GER"]
[Date "2006.06.05"]
[Round "3"]
[White "Balz, Christian"]
[Black "Linsenmeyer, Mario"]
[Result "1/2-1/2"]
[Termination "normal"]
[Board "8"]
[WhiteElo "1637"]
[BlackElo "2022"]
[PlyCount "33"]
[WhiteFideId "24664367"]
[BlackFideId "24635138"]
[EventCountry "GER"]
[EventRounds "9"]
[EventType "swiss"]
[EventDate "2006.06.03"]

1. e4 g6 2. d4 Bg7 3. Be2 d6 4. h4 h6 5. Be3 a6 6. f3 Nd7 7. c3 e6 8. Qd2 b6 9.
g4 c5 10. Na3 cxd4 11. Bxd4 Ngf6 12. Nc4 d5 13. Nd6+ Kf8 14. e5 Ne8 15. Nxe8
Kxe8 16. f4 Nc5 17. Qc2 1/2-1/2

[Event "3. ODEM U25 2006"]
[Site "Willingen GER"]
[Date "2006.06.05"]
[Round "3"]
[White "Held, Florian"]
[Black "Koksch, Florian"]
[Result "1-0"]
[Termination "normal"]
[Board "9"]
[WhiteElo "2016"]
[BlackElo "1847"]
[PlyCount "99"]
[WhiteFideId "24629090"]
[BlackFideId "24613584"]
[EventCountry "GER"]
[EventRounds "9"]
[EventType "swiss"]
[EventDate "2006.06.03"]

1. e4 e5 2. Nf3 Nc6 3. Bb5 Bc5 4. c3 f5 5. d4 fxe4 6. Bxc6 exf3 7. Bxf3 exd4 8.
O-O Nf6 9. Re1+ Be7 10. Bg5 O-O 11. Qxd4 c6 12. Qe5 Rf7 13. Nd2 d5 14. c4 Bd6
15. Qe2 Qc7 16. g3 Bc5 17. Bxf6 Rxf6 18. cxd5 cxd5 19. Bxd5+ Kh8 20. Ne4 Rf5
21. Nxc5 Qxc5 22. Be4 Rf6 23. Rac1 Qb6 24. Rc2 Bd7 25. Qe3 Qa5 26. Bxb7 Rb8 27.
Rec1 Re8 28. Qd2 Qb5 29. Bg2 h6 30. Rc5 Qe2 31. Qxe2 Rxe2 32. R5c2 Re5 33. f4
Rb5 34. Rc7 Bf5 35. b4 a5 36. R7c5 Bd7 37. Rxb5 Bxb5 38. Rc5 Bd7 39. Rxa5 Rd6
40. Rd5 Rxd5 41. Bxd5 Kh7 42. Kf2 Kg6 43. Bb3 Kf5 44. Bc2+ Kg4 45. a4 h5 46. b5
h4 47. b6 Bc6 48. Bd1+ Kh3 49. gxh4 Kxh4 50. Bf3 1-0

[Event "3. ODEM U25 2006"]
[Site "Willingen GER"]
[Date "2006.06.05"]
[Round "3"]
[White "Billing, Alexander"]
[Black "Stotyn, Fabian"]
[Result "0-1"]
[Termination "normal"]
[Board "10"]
[WhiteElo "1790"]
[BlackElo "2129"]
[PlyCount "42"]
[WhiteFideId "24624420"]
[BlackFideId "24611646"]
[EventCountry "GER"]
[EventRounds "9"]
[EventType "swiss"]
[EventDate "2006.06.03"]

1. e4 e5 2. Nf3 Nc6 3. d4 exd4 4. Nxd4 Qh4 5. Nc3 Bb4 6. Be2 Qxe4 7. Ndb5 Bxc3+
8. bxc3 Kd8 9. O-O a6 10. Bf3 Qg6 11. Nd4 Nxd4 12. Qxd4 Ne7 13. Bf4 d6 14. Rab1
Nc6 15. Qd2 Re8 16. c4 Qf5 17. Rfd1 Ne5 18. Bd5 Nd7 19. Bxb7 Bxb7 20. Rxb7 Nc5
21. Rxc7 Ne4 0-1

[Event "3. ODEM U25 2006"]
[Site "Willingen GER"]
[Date "2006.06.05"]
[Round "3"]
[White "Grüner, Sven"]
[Black "Schmalz, David"]
[Result "1-0"]
[Termination "normal"]
[Board "11"]
[WhiteElo "2107"]
[BlackElo "1809"]
[PlyCount "89"]
[WhiteFideId "4687221"]
[BlackFideId "4642228"]
[EventCountry "GER"]
[EventRounds "9"]
[EventType "swiss"]
[EventDate "2006.06.03"]

1. e4 Nf6 2. e5 Nd5 3. d4 d6 4. Nf3 dxe5 5. Nxe5 g6 6. Bc4 Be6 7. O-O Nd7 8.
Qe2 Bg7 9. a4 O-O 10. Rd1 c6 11. a5 Qc7 12. Re1 Rad8 13. Bg5 Nxe5 14. dxe5 h6
15. Bd2 Bf5 16. Bb3 Qc8 17. Nc3 Be6 18. Na4 Nc7 19. c4 b5 20. axb6 axb6 21.
Nxb6 Rxd2 22. Nxc8 Rxe2 23. Nxe7+ Kh7 24. Rxe2 Rb8 25. Re3 Rb6 26. Ba4 Bxc4 27.
b3 Be6 28. Nxc6 Nd5 29. Ree1 Nf4 30. g3 Nh3+ 31. Kg2 Ng5 32. Rad1 Bh3+ 33. Kh1
Bg4 34. Rd3 Bf3+ 35. Rxf3 Nxf3 36. Re2 h5 37. Kg2 Ng5 38. f4 Ne6 39. Rd2 Nc5
40. Nd8 Kg8 41. Be8 Nxb3 42. Bxf7+ Kh7 43. Rb2 Rb8 44. Ne6 Rb7 45. Ng5+ 1-0

[Event "3. ODEM U25 2006"]
[Site "Willingen GER"]
[Date "2006.06.05"]
[Round "3"]
[White "Sonntag, Hermann"]
[Black "Onasch, Paul"]
[Result "1/2-1/2"]
[Termination "normal"]
[Board "13"]
[WhiteElo "2047"]
[BlackElo "1798"]
[PlyCount "51"]
[WhiteFideId "4695925"]
[BlackFideId "24647896"]
[EventCountry "GER"]
[EventRounds "9"]
[EventType "swiss"]
[EventDate "2006.06.03"]

1. f4 d5 2. b3 Nf6 3. Nf3 g6 4. Bb2 Bg7 5. e3 O-O 6. Be2 c5 7. O-O b6 8. Qe1
Bb7 9. Qh4 Nc6 10. d3 d4 11. e4 e6 12. Qh3 Ne8 13. Nbd2 Nc7 14. a4 f6 15. Rae1
e5 16. fxe5 fxe5 17. Nc4 Qe7 18. Bc1 Ne6 19. g3 Rf7 20. Qg2 Raf8 21. h4 h6 22.
Nh2 Qd8 23. h5 g5 24. Bg4 Nc7 25. Bf5 Bc8 26. g4 1/2-1/2

[Event "3. ODEM U25 2006"]
[Site "Willingen GER"]
[Date "2006.06.05"]
[Round "3"]
[White "Schneider, Christian"]
[Black "Hinz, Arne"]
[Result "1/2-1/2"]
[Termination "normal"]
[Board "14"]
[WhiteElo "2039"]
[BlackElo "1784"]
[PlyCount "74"]
[WhiteFideId "24613886"]
[BlackFideId "24634875"]
[EventCountry "GER"]
[EventRounds "9"]
[EventType "swiss"]
[EventDate "2006.06.03"]

1. Nc3 d5 2. e4 e6 3. d4 Bb4 4. e5 c5 5. a3 Bxc3+ 6. bxc3 Nc6 7. Nf3 Nge7 8.
Bd3 c4 9. Be2 b5 10. O-O a5 11. Bd2 Rb8 12. Rb1 Ba6 13. Nh4 Ng6 14. Nf3 Qe7 15.
Qc1 O-O 16. Bg5 Qa7 17. h4 Nge7 18. g4 b4 19. axb4 axb4 20. Qd2 bxc3 21. Qxc3
Rxb1 22. Rxb1 Rb8 23. Rxb8+ Qxb8 24. Bxe7 Nxe7 25. Qa3 Qb7 26. c3 Ng6 27. Qc1
Bb5 28. h5 Nf8 29. Qb2 Bc6 30. Qxb7 Bxb7 31. Bd1 Nd7 32. Kf1 Nb6 33. Ke2 Bc6
34. Kd2 h6 35. Nh4 Kf8 36. f4 Bd7 37. Nf3 Ke7 1/2-1/2

[Event "3. ODEM U25 2006"]
[Site "Willingen GER"]
[Date "2006.06.05"]
[Round "3"]
[White "Kabitzke, Julian"]
[Black "Geshnizjani, Ramin"]
[Result "0-1"]
[Termination "normal"]
[Board "15"]
[WhiteElo "1363"]
[BlackElo "2035"]
[PlyCount "68"]
[WhiteFideId "24669547"]
[BlackFideId "24633089"]
[EventCountry "GER"]
[EventRounds "9"]
[EventType "swiss"]
[EventDate "2006.06.03"]

1. Nf3 Nf6 2. g3 d5 3. Bg2 c5 4. O-O Nc6 5. d3 e5 6. c4 d4 7. e4 Bd6 8. Bd2 O-O
9. a3 Qe7 10. Nh4 Re8 11. f4 exf4 12. Bxf4 Bxf4 13. Rxf4 Ne5 14. h3 Ng6 15.
Nxg6 hxg6 16. Rf1 Rb8 17. Nd2 b5 18. b3 bxc4 19. bxc4 Be6 20. Qc2 Qc7 21. Kh2
Nh5 22. Rf3 Rb6 23. Nf1 Reb8 24. Ra2 g5 25. Rf2 g4 26. hxg4 Bxg4 27. Bf3 Nxg3
28. Nxg3 Rh6+ 29. Kg2 Bh3+ 30. Kh2 Rg6 31. Bg2 Qxg3+ 32. Kg1 Bxg2 33. Rxg2 Qe1+
34. Kh2 Rh6# 0-1

[Event "3. ODEM U25 2006"]
[Site "Willingen GER"]
[Date "2006.06.05"]
[Round "3"]
[White "Dalakian, Haroutioun"]
[Black "Armbrust, Matthias"]
[Result "1-0"]
[Termination "normal"]
[Board "16"]
[WhiteElo "1953"]
[BlackElo "1739"]
[PlyCount "39"]
[WhiteFideId "24632058"]
[EventCountry "GER"]
[EventRounds "9"]
[EventType "swiss"]
[EventDate "2006.06.03"]

1. e4 c5 2. Nf3 d6 3. d4 cxd4 4. Nxd4 Nf6 5. Nc3 Nc6 6. Be2 g6 7. O-O Bg7 8.
Be3 O-O 9. Kh1 a6 10. a4 Bd7 11. Nb3 Na5 12. f4 Qc7 13. e5 Nxb3 14. exf6 Nxa1
15. fxg7 Kxg7 16. Qxa1 Be6 17. b3 Kg8 18. f5 Rfc8 19. fxe6 Qxc3 20. exf7+ 1-0

[Event "3. ODEM U25 2006"]
[Site "Willingen GER"]
[Date "2006.06.05"]
[Round "3"]
[White "Quaschner, Tobias"]
[Black "Kyas, Marcel"]
[Result "1-0"]
[Termination "normal"]
[Board "17"]
[WhiteElo "1693"]
[BlackElo "1918"]
[PlyCount "109"]
[WhiteFideId "24646989"]
[BlackFideId "24642037"]
[EventCountry "GER"]
[EventRounds "9"]
[EventType "swiss"]
[EventDate "2006.06.03"]

1. e4 e6 2. d4 d5 3. exd5 exd5 4. Nf3 Bd6 5. c4 c6 6. cxd5 cxd5 7. Nc3 Ne7 8.
Nb5 Bb4+ 9. Bd2 Bxd2+ 10. Qxd2 a6 11. Nc3 O-O 12. Be2 Re8 13. O-O Nbc6 14. Rac1
Bg4 15. h3 Be6 16. Na4 Nf5 17. Nc5 Qc7 18. g4 Nfe7 19. Ne5 Bc8 20. f4 f6 21.
Nxc6 Nxc6 22. Bf3 Qd6 23. Rfe1 Rd8 24. f5 g6 25. Ne6 Bxe6 26. Rxe6 Qg3+ 27. Bg2
Kf7 28. Rce1 g5 29. b4 Qf4 30. Qxf4 gxf4 31. a3 Rd7 32. Rd1 Rc8 33. Rd3 Nd8 34.
Re2 Rc4 35. Red2 Nc6 36. Kf2 Ke7 37. Kf3 Kd6 38. Kxf4 h6 39. Kg3 a5 40. bxa5
Nxa5 41. Re2 Rc6 42. Kh4 Nc4 43. Kh5 Nb6 44. Kxh6 Re7 45. Rde3 Rxe3 46. Rxe3
Kd7 47. Kg7 Rd6 48. Kf7 Nc4 49. Re6 Nxa3 50. Rxd6+ Kxd6 51. Kxf6 Nc2 52. g5
Nxd4 53. g6 Nc6 54. Bxd5 Ne7 55. Bb3 1-0

[Event "3. ODEM U25 2006"]
[Site "Willingen GER"]
[Date "2006.06.05"]
[Round "3"]
[White "Weber, Andre"]
[Black "Lantzsch, Christian"]
[Result "0-1"]
[Termination "normal"]
[Board "18"]
[WhiteElo "1611"]
[BlackElo "2210"]
[PlyCount "54"]
[WhiteFideId "24677515"]
[BlackFideId "4659821"]
[EventCountry "GER"]
[EventRounds "9"]
[EventType "swiss"]
[EventDate "2006.06.03"]

1. e4 c5 2. Nc3 e6 3. d3 Nc6 4. g3 d5 5. f4 Nf6 6. Bd2 Be7 7. Bg2 O-O 8. Nh3
Rb8 9. g4 d4 10. Nb1 Ne8 11. O-O f5 12. Be1 fxe4 13. Bxe4 Nf6 14. Qf3 Qd7 15.
Bg3 Nxe4 16. dxe4 b5 17. f5 Rb6 18. Nd2 g6 19. Rae1 exf5 20. gxf5 gxf5 21. e5
Nb4 22. a3 Bb7 23. e6 Rxe6 24. Qh5 Nxc2 25. Rxe6 Qxe6 26. Bf4 Qg6+ 27. Qxg6+
hxg6 0-1

[Event "3. ODEM U25 2006"]
[Site "Willingen GER"]
[Date "2006.06.05"]
[Round "3"]
[White "Daum, Norman"]
[Black "Kamrla, Robin"]
[Result "1-0"]
[Termination "normal"]
[Board "19"]
[WhiteElo "2150"]
[BlackElo "1532"]
[PlyCount "39"]
[WhiteFideId "4690052"]
[EventCountry "GER"]
[EventRounds "9"]
[EventType "swiss"]
[EventDate "2006.06.03"]

1. e4 c5 2. Nc3 Nc6 3. d3 d6 4. f4 Nf6 5. Nf3 g6 6. g3 Bg7 7. Bg2 O-O 8. O-O
Nh5 9. Nd5 e6 10. Ne3 f5 11. c3 Nf6 12. Qc2 e5 13. fxe5 dxe5 14. exf5 gxf5 15.
Qb3+ Kh8 16. Ng5 Na5 17. Nf7+ Rxf7 18. Qxf7 Qd6 19. Rxf5 Bxf5 20. Qxg7+ 1-0

[Event "3. ODEM U25 2006"]
[Site "Willingen GER"]
[Date "2006.06.05"]
[Round "3"]
[White "Seyb, Alexander"]
[Black "Srokovskiy, Alexander"]
[Result "1-0"]
[Termination "normal"]
[Board "20"]
[WhiteElo "2122"]
[BlackElo "1493"]
[PlyCount "53"]
[WhiteFideId "4699033"]
[BlackFideId "24676330"]
[EventCountry "GER"]
[EventRounds "9"]
[EventType "swiss"]
[EventDate "2006.06.03"]

1. e4 d5 2. exd5 Qxd5 3. Nc3 Qa5 4. Bc4 Nf6 5. d4 Nc6 6. Nge2 Bg4 7. f3 Bf5 8.
Be3 Nb4 9. Bb3 Nbd5 10. Bd2 Nxc3 11. Bxc3 Qb6 12. Nf4 e6 13. g4 Bg6 14. h4 Bd6
15. Qd2 Bxf4 16. Qxf4 Nd5 17. Bxd5 exd5 18. O-O-O f6 19. Rde1+ Kd7 20. h5 Bf7
21. h6 g5 22. Qf5+ Kd8 23. Bb4 Re8 24. Rxe8+ Bxe8 25. Qxd5+ Kc8 26. Re1 Qc6 27.
Qg8 1-0

[Event "3. ODEM U25 2006"]
[Site "Willingen GER"]
[Date "2006.06.05"]
[Round "3"]
[White "Stuhl, Alexander"]
[Black "Wisheckel, Florian"]
[Result "1/2-1/2"]
[Termination "normal"]
[Board "21"]
[WhiteElo "2115"]
[BlackElo "1482"]
[PlyCount "36"]
[WhiteFideId "24601373"]
[BlackFideId "24678090"]
[EventCountry "GER"]
[EventRounds "9"]
[EventType "swiss"]
[EventDate "2006.06.03"]

1. d4 d5 2. Nf3 Nf6 3. e3 e6 4. Bd3 Nc6 5. O-O Bd6 6. b3 e5 7. dxe5 Nxe5 8. Bb2
Bg4 9. Be2 Bxf3 10. Bxf3 c6 11. Nd2 Qe7 12. Qe2 Rd8 13. Rfd1 O-O 14. c4 dxc4
15. Nxc4 Nxc4 16. Qxc4 Rfe8 17. a4 Ne4 18. a5 Bxh2+ 1/2-1/2

[Event "3. ODEM U25 2006"]
[Site "Willingen GER"]
[Date "2006.06.05"]
[Round "3"]
[White "Tiemann, Christoph"]
[Black "Sieker, Roland"]
[Result "1/2-1/2"]
[Termination "normal"]
[Board "22"]
[WhiteElo "1536"]
[BlackElo "1984"]
[PlyCount "54"]
[WhiteFideId "24676900"]
[BlackFideId "24600261"]
[EventCountry "GER"]
[EventRounds "9"]
[EventType "swiss"]
[EventDate "2006.06.03"]

1. e4 c5 2. Nf3 d6 3. d4 cxd4 4. Nxd4 Nf6 5. Nc3 Nc6 6. Be2 e6 7. Be3 Be7 8.
O-O e5 9. Nb3 Be6 10. f4 a6 11. f5 Bd7 12. a3 Rc8 13. Qd3 Na5 14. Nxa5 Qxa5 15.
Kh1 Bc6 16. Rf3 d5 17. exd5 Nxd5 18. Rg3 Nxc3 19. bxc3 Rd8 20. Qc4 Bb5 21. Qg4
Bxe2 22. Qxe2 Qxc3 23. Rb1 Bf6 24. Rxb7 Qa1+ 25. Bg1 Rd1 26. Rb8+ Rd8 27. Rxd8+
Bxd8 1/2-1/2

[Event "3. ODEM U25 2006"]
[Site "Willingen GER"]
[Date "2006.06.05"]
[Round "3"]
[White "Rummer, Evi"]
[Black "Jussupow, Alexander"]
[Result "0-1"]
[Termination "normal"]
[Board "23"]
[WhiteElo "1530"]
[BlackElo "1972"]
[PlyCount "98"]
[WhiteFideId "12900117"]
[BlackFideId "24613509"]
[EventCountry "GER"]
[EventRounds "9"]
[EventType "swiss"]
[EventDate "2006.06.03"]

1. e4 e6 2. d4 d5 3. e5 c5 4. Nf3 Nc6 5. Be3 cxd4 6. Bxd4 Nxd4 7. Nxd4 Bc5 8.
Bb5+ Bd7 9. Nc3 Bxb5 10. Ncxb5 a6 11. Nb3 Bxf2+ 12. Kxf2 axb5 13. Qd3 Qh4+ 14.
g3 Qc4 15. Rhc1 Ne7 16. Nd4 Nc6 17. Nxb5 Qc5+ 18. Kg2 Nxe5 19. Qe2 Nc4 20. a4
O-O 21. b3 Nd6 22. c3 Nxb5 23. Qxb5 Qxb5 24. axb5 Rfc8 25. c4 Rxa1 26. Rxa1 Kf8
27. Rc1 b6 28. Kf3 Ke7 29. Ke3 Kd6 30. Kd3 dxc4+ 31. bxc4 Kc5 32. Ra1 Rd8+ 33.
Kc3 Rd7 34. h4 e5 35. Re1 f6 36. Ra1 e4 37. g4 Rd3+ 38. Kc2 Rg3 39. Ra7 Rxg4
40. Rc7+ Kb4 41. h5 Rg2+ 42. Kd1 h6 43. Ke1 f5 44. Kf1 Rg5 45. Ke2 Rxh5 46. Ke3
Rh3+ 47. Kf4 Rf3+ 48. Ke5 e3 49. Kd4 e2 0-1

[Event "3. ODEM U25 2006"]
[Site "Willingen GER"]
[Date "2006.06.05"]
[Round "3"]
[White "Schäfer, Simon"]
[Black "Yin, Zixiao"]
[Result "0-1"]
[Termination "normal"]
[Board "24"]
[WhiteElo "1488"]
[BlackElo "1898"]
[PlyCount "42"]
[BlackFideId "24622729"]
[EventCountry "GER"]
[EventRounds "9"]
[EventType "swiss"]
[EventDate "2006.06.03"]

1. d4 Na6 2. c4 c5 3. dxc5 e6 4. Nf3 Nf6 5. a3 Nxc5 6. b4 Nce4 7. Nbd2 a5 8.
Nxe4 Nxe4 9. Qc2 f5 10. b5 Bc5 11. e3 b6 12. Bd3 Bb7 13. O-O O-O 14. Bb2 Ng5
15. Nxg5 Qxg5 16. e4 f4 17. Kh1 e5 18. f3 Rf6 19. Bc3 Rh6 20. Be1 Rxh2+ 21.
Kxh2 Qh6+ 0-1

[Event "3. ODEM U25 2006"]
[Site "Willingen GER"]
[Date "2006.06.05"]
[Round "3"]
[White "Jorczik, Andreas"]
[Black "Huynh, Nhi Lang"]
[Result "1-0"]
[Termination "normal"]
[Board "25"]
[WhiteElo "1867"]
[BlackElo "1464"]
[PlyCount "101"]
[WhiteFideId "24634921"]
[BlackFideId "24669180"]
[EventCountry "GER"]
[EventRounds "9"]
[EventType "swiss"]
[EventDate "2006.06.03"]

1. d4 f5 2. c4 e6 3. Nf3 Nf6 4. Bg5 Be7 5. Nc3 b6 6. Bxf6 Bxf6 7. e4 fxe4 8.
Nxe4 Bb7 9. Qc2 O-O 10. Bd3 h6 11. b4 c5 12. bxc5 bxc5 13. Nxf6+ Qxf6 14. Ne5
Re8 15. Be4 Bc6 16. Bxc6 Nxc6 17. Nxd7 Qxd4 18. Rd1 Qg4 19. O-O Nd4 20. Qd3
Red8 21. f3 Qf4 22. Nxc5 Qe5 23. Ne4 Rd7 24. Rfe1 Rad8 25. Ng3 Nxf3+ 26. Qxf3
Rxd1 27. Rxd1 Rxd1+ 28. Qxd1 Qc5+ 29. Kf1 Qxc4+ 30. Qe2 Qf4+ 31. Kg1 Qc1+ 32.
Nf1 Qc5+ 33. Qe3 Qb6 34. Qxb6 axb6 35. Kf2 Kf7 36. Ke3 Kf6 37. Ke4 g5 38. a4 h5
39. Nd2 h4 40. Nc4 g4 41. Nxb6 e5 42. a5 g3 43. h3 Ke6 44. a6 Kd6 45. a7 Kc6
46. a8=Q+ Kxb6 47. Qd5 Ka7 48. Qb5 Ka8 49. Kd5 e4 50. Kc6 e3 51. Qb7# 1-0

[Event "3. ODEM U25 2006"]
[Site "Willingen GER"]
[Date "2006.06.05"]
[Round "3"]
[White "Jung, Gerhard"]
[Black "Kahleys, Kevin"]
[Result "1/2-1/2"]
[Termination "normal"]
[Board "26"]
[WhiteElo "1836"]
[BlackElo "1448"]
[PlyCount "103"]
[WhiteFideId "24629812"]
[BlackFideId "24669601"]
[EventCountry "GER"]
[EventRounds "9"]
[EventType "swiss"]
[EventDate "2006.06.03"]

1. e4 e6 2. Nf3 d5 3. e5 c5 4. b4 cxb4 5. a3 Nc6 6. axb4 Bxb4 7. c3 Be7 8. d4
f6 9. Bd3 fxe5 10. dxe5 Bc5 11. O-O Nge7 12. Qc2 g6 13. Bg5 Qc7 14. Bf6 Rg8 15.
Na3 a6 16. Nb5 Qb8 17. Qa2 Bd7 18. Rfb1 Nf5 19. Nbd4 Qc8 20. Nxf5 gxf5 21. Qe2
Be7 22. Ng5 Rxg5 23. Bxg5 Bxg5 24. Qh5+ Kf8 25. Qxg5 Nxe5 26. Qf6+ Nf7 27. Be2
Qd8 28. Qxd8+ Nxd8 29. c4 d4 30. Bf3 Bc6 31. Bxc6 bxc6 32. Ra5 Ke7 33. f4 Kd6
34. Rb6 h5 35. Kf2 Ra7 36. Raxa6 Rxa6 37. Rxa6 e5 38. Ra8 Ne6 39. fxe5+ Kxe5
40. g3 f4 41. Rh8 d3 42. Rxh5+ Kd4 43. gxf4 d2 44. Rh7 d1=N+ 45. Kf3 Kxc4 46.
Kg4 Ne3+ 47. Kf3 Nd5 48. Rh6 Ndxf4 49. Rh8 c5 50. Rc8 Kd4 51. Rxc5 Kxc5 52. h4
1/2-1/2